[Event "Karnevals-Open"]
[Site "Solingen"]
[Date "2012.02.17"]
[Round "1.27"]
[White "Speck, Stefan"]
[Black "Brinkmann, Katharina"]
[Result "1-0"]
[WhiteElo "1983"]
[BlackElo "1492"]
[PlyCount "73"]
[EventDate "2012.??.??"]
[WhiteTeam "SC Solingen 1928 e.V."]
[BlackTeam "SF Köln-Mülheim e.V."]

1. d4 e6 2. c4 d5 3. Nf3 Nf6 4. Nc3 Bb4 5. Qc2 O-O 6. e3 c5 7. a3 Bxc3+ 8. bxc3
Nc6 9. Bd3 dxc4 10. Bxc4 Re8 11. O-O e5 12. Bb2 e4 13. Ng5 Re7 14. f3 exf3 15.
Rxf3 h6 16. Rxf6 hxg5 17. Qg6 Be6 18. Bxe6 fxe6 19. Raf1 Qe8 20. Qxg5 Nd8 21.
R6f3 c4 22. Qc5 b5 23. a4 Nb7 24. Qg5 Nd6 25. Ba3 Qd7 26. axb5 Rf7 27. Bxd6
Rxf3 28. Rxf3 Qxd6 29. h4 Rb8 30. h5 e5 31. h6 Rb7 32. h7+ Kh8 33. Qf5 Rxb5 34.
Qc8+ Kxh7 35. Rh3+ Kg6 36. Qe8+ Kf5 37. Qxb5 1-0

[Event "Karnevals-Open"]
[Site "Solingen"]
[Date "2012.02.17"]
[Round "1.28"]
[White "Maj, Kornel"]
[Black "Coenen, Siegfried"]
[Result "0-1"]
[WhiteElo "1441"]
[BlackElo "1980"]
[PlyCount "95"]
[EventDate "2012.??.??"]
[WhiteTeam "Elberfelder SG"]
[BlackTeam "SG Hochneukirch"]

1. e4 c5 2. Nf3 d6 3. d4 cxd4 4. Nxd4 Nf6 5. Nc3 a6 6. Bg5 Nbd7 7. Bc4 Qa5 8.
f4 Nxe4 9. Nb3 Nxc3 10. Qd4 Nb5+ 11. Nxa5 Nxd4 12. O-O-O Nc6 13. Nxc6 bxc6 14.
Rxd6 f6 15. Rxc6 fxg5 16. Rd1 gxf4 17. Be6 Ne5 18. Rxc8+ Rxc8 19. Bxc8 g5 20.
Bxa6 Bg7 21. b4 Kf7 22. b5 Nc4 23. Rd5 Bf6 24. Rc5 Ne3 25. b6 Rd8 26. c3 Rd1+
27. Kb2 Rd6 28. b7 Rb6+ 29. Kc1 Nxg2 30. a4 Ne3 31. a5 Rb3 32. Bb5 Rxb5 33.
Rxb5 f3 34. Rb2 Be5 35. a6 Bb8 36. Rf2 g4 37. Kd2 Nd5 38. Kd3 e5 39. Ra2 e4+
40. Kd2 e3+ 41. Ke1 g3 42. hxg3 Bxg3+ 43. Kf1 e2+ 44. Rxe2 fxe2+ 45. Kxe2 Bb8
46. Kd3 Nc7 47. Kc4 Nxa6 48. Kb5 0-1

[Event "Karnevals-Open"]
[Site "Solingen"]
[Date "2012.02.17"]
[Round "1.30"]
[White "Seeger, Simon"]
[Black "Brecker, Hans-Jörg"]
[Result "0-1"]
[WhiteElo "1371"]
[BlackElo "1966"]
[PlyCount "94"]
[EventDate "2012.??.??"]
[WhiteTeam "SV Betzdorf-Kirchen"]
[BlackTeam "SF Erkelenz 1959 e.V."]

1. Nf3 d5 2. c4 c6 3. e3 Nf6 4. Nc3 e6 5. d4 Nbd7 6. c5 b6 7. b4 a5 8. b5 bxc5
9. bxc6 Nb8 10. Bb5 Qc7 11. Ne5 cxd4 12. exd4 Bb4 13. Bd2 O-O 14. a3 Bxc3 15.
Bxc3 Ba6 16. a4 Ne4 17. Bb2 f6 18. Bxa6 Rxa6 19. Nd7 Nxd7 20. cxd7 Qxd7 21. f3
Nd6 22. Ba3 Rb8 23. Bxd6 Qxd6 24. O-O Rc6 25. Qd2 Rb4 26. Rfb1 Rcc4 27. Rxb4
Qxb4 28. Qe3 Kf7 29. Qd3 Qc3 30. Qxc3 Rxc3 31. Rb1 Rc4 32. Rb7+ Kg6 33. Re7
Rxa4 34. Rxe6 Rxd4 35. Ra6 a4 36. Ra5 Kf5 37. Kf2 Ke5 38. Ra7 g5 39. Rxh7 Rd2+
40. Kg3 a3 41. Re7+ Kf5 42. Re1 a2 43. Ra1 d4 44. f4 Ke4 45. fxg5 fxg5 46. h4
gxh4+ 47. Kxh4 Rxg2 0-1

[Event "Karnevals-Open"]
[Site "Solingen"]
[Date "2012.02.17"]
[Round "1.31"]
[White "Jablonowski, Christoph"]
[Black "Tiemann, Steffen"]
[Result "1-0"]
[WhiteElo "1963"]
[BlackElo "1283"]
[PlyCount "45"]
[EventDate "2012.??.??"]
[WhiteTeam "Krefelder SK Turm 1851 e"]
[BlackTeam "SC Bocholt 1926 e.V."]

1. d4 d5 2. Nf3 Nf6 3. c4 dxc4 4. Na3 e6 5. Nxc4 Nc6 6. e3 Be7 7. Bd3 Nb4 8.
Be2 b6 9. a3 Nc6 10. Qc2 Bb7 11. O-O O-O 12. Rd1 Bd6 13. e4 Nd7 14. Bg5 Be7 15.
Bf4 Rc8 16. Rac1 Ba6 17. b4 f6 18. Qb3 Kh8 19. b5 Nxd4 20. Nxd4 e5 21. Ne6 Qe8
22. Nxf8 Qxf8 23. Rxd7 1-0

[Event "Karnevals-Open"]
[Site "Solingen"]
[Date "2012.02.17"]
[Round "1.32"]
[White "Nguyen, Gia Huy Philipp"]
[Black "Gülsen, Taylan"]
[Result "0-1"]
[WhiteElo "1222"]
[BlackElo "1958"]
[PlyCount "26"]
[EventDate "2012.??.??"]
[WhiteTeam "SG Solingen e.V."]
[BlackTeam "Schachgemeinschaft Niederkassel"]

1. e4 c5 2. Nf3 Nc6 3. d4 cxd4 4. Nxd4 e5 5. Nb3 Nf6 6. Nc3 Bb4 7. f3 Nxe4 8.
Bd2 Qh4+ 9. g3 Nxg3 10. Rg1 Ne4+ 11. Ke2 Qf2+ 12. Kd3 Nxd2 13. Qxd2 Qxg1 0-1

[Event "Karnevals-Open"]
[Site "Solingen"]
[Date "2012.02.17"]
[Round "1.33"]
[White "Große-Hering, Peter"]
[Black "Barche, Uwe"]
[Result "1-0"]
[WhiteElo "1938"]
[BlackElo "1061"]
[PlyCount "99"]
[EventDate "2012.??.??"]
[WhiteTeam "SV Horst-Emscher 31"]
[BlackTeam "SG Solingen e.V."]

1. e4 e6 2. d3 d5 3. Nd2 c5 4. Ngf3 Nc6 5. g3 Nge7 6. Bg2 Ng6 7. O-O Be7 8. Re1
O-O 9. e5 Qc7 10. Qe2 Re8 11. h4 f6 12. exf6 Bxf6 13. c3 a5 14. Nf1 h6 15. Ne3
Nge5 16. Nxe5 Bxe5 17. Ng4 Bxg3 18. fxg3 Qxg3 19. h5 e5 20. Nh2 Bh3 21. Be3 d4
22. Bd2 e4 23. dxe4 Ne5 24. Rf1 Rf8 25. Rxf8+ Rxf8 26. Rf1 d3 27. Rxf8+ Kxf8
28. Qf2+ Qxf2+ 29. Kxf2 Bxg2 30. Kxg2 Nc4 31. Nf1 Nxb2 32. Ne3 b5 33. Kf3 Kf7
34. Bc1 Na4 35. Nd5 c4 36. Ke3 Nc5 37. Kd4 Ne6+ 38. Ke5 Nc5 39. Be3 Nd7+ 40.
Kd6 Nf6 41. Nxf6 Kxf6 42. e5+ Kf5 43. e6 Ke4 44. Bd2 b4 45. cxb4 axb4 46. Bxb4
Ke3 47. e7 d2 48. e8=Q+ Kd3 49. Qg6+ Ke2 50. Qc2 1-0

[Event "Karnevals-Open"]
[Site "Solingen"]
[Date "2012.02.17"]
[Round "1.34"]
[White "Barche, Robert"]
[Black "Maczkowiak, Thomas"]
[Result "0-1"]
[WhiteElo "1037"]
[BlackElo "1923"]
[PlyCount "60"]
[EventDate "2012.??.??"]
[WhiteTeam "SG Solingen e.V."]
[BlackTeam "SG Ennepe-Ruhr-S"]

1. c4 Nf6 2. g3 d5 3. e3 g6 4. b3 Bg7 5. Bb2 O-O 6. Bg2 c6 7. d4 Bg4 8. Bf3 h5
9. Bxg4 hxg4 10. h3 Qd7 11. hxg4 Qxg4 12. Qxg4 Nxg4 13. Rh4 Nh6 14. Nd2 Nd7 15.
Ke2 Nf5 16. Rh3 e5 17. g4 Ne7 18. f3 c5 19. Kd3 cxd4 20. exd4 dxc4+ 21. Nxc4
Rfd8 22. Ne2 exd4 23. Bxd4 Bxd4 24. Nxd4 Nc5+ 25. Ke3 Nd5+ 26. Kd2 Nf4 27. Rh4
Rxd4+ 28. Kc3 Nce6 29. Kc2 Kg7 30. Rah1 Kf6 0-1

[Event "Karnevals-Open"]
[Site "Solingen"]
[Date "2012.02.17"]
[Round "1.35"]
[White "Elefteriadis, Paul-Gabriel"]
[Black "Möller, Laura"]
[Result "1-0"]
[WhiteElo "1894"]
[BlackElo "963"]
[PlyCount "31"]
[EventDate "2012.??.??"]
[WhiteTeam "Gütersloher SV von 192"]
[BlackTeam "SG Solingen e.V."]

1. b3 e5 2. Bb2 Nc6 3. e3 Nf6 4. c4 Bc5 5. Qc2 O-O 6. a3 a5 7. Nc3 d6 8. Nf3
Be6 9. Rd1 d5 10. d4 Bd6 11. cxd5 Bxd5 12. dxe5 Bxe5 13. Nxe5 Nxe5 14. Nxd5
Nxd5 15. Bxe5 c6 16. Be2 1-0

[Event "Karnevals-Open"]
[Site "Solingen"]
[Date "2012.02.18"]
[Round "2.1"]
[White "Schülke, Tilman"]
[Black "Seger, Rüdiger"]
[Result "1/2-1/2"]
[WhiteElo "2005"]
[BlackElo "2390"]
[PlyCount "61"]
[EventDate "2012.??.??"]
[WhiteTeam "Düsseldorfer SV 1854"]
[BlackTeam "SG Trier"]

1. g3 Nf6 2. Bg2 g6 3. b4 Bg7 4. Bb2 c6 5. a3 O-O 6. d3 a5 7. c3 e5 8. Nd2 d5
9. Qc2 Re8 10. e4 dxe4 11. dxe4 Nbd7 12. Nc4 axb4 13. cxb4 Qc7 14. Nf3 b5 15.
Ncd2 c5 16. bxc5 Qxc5 17. Rc1 Qxc2 18. Rxc2 Bf8 19. O-O Bd6 20. Rb1 Bb7 21. Ne1
Nc5 22. f3 Nfd7 23. Bf1 Ba6 24. Bc3 Rec8 25. Bb4 Kf8 26. Rbc1 Ke7 27. Nd3 Ne6
28. Nb3 Rxc2 29. Rxc2 Rc8 30. Rd2 Ndc5 31. Ndxc5 1/2-1/2

[Event "Karnevals-Open"]
[Site "Solingen"]
[Date "2012.02.18"]
[Round "2.2"]
[White "Coenen, Michael"]
[Black "Peter, Sebastian"]
[Result "1-0"]
[WhiteElo "2296"]
[BlackElo "1997"]
[PlyCount "45"]
[EventDate "2012.??.??"]
[WhiteTeam "SG Hochneukirch"]
[BlackTeam "Gütersloher SV von 192"]

1. e4 c5 2. Nf3 Nc6 3. Bb5 e6 4. O-O Nge7 5. Re1 a6 6. Bf1 b5 7. c3 Bb7 8. d4
Ng6 9. a4 b4 10. d5 Na5 11. Nbd2 d6 12. cxb4 cxb4 13. Nc4 exd5 14. Bg5 f6 15.
exd5+ Be7 16. Bd2 Nxc4 17. Bxc4 Ne5 18. Qe2 Nxf3+ 19. Qxf3 a5 20. Bd3 Kf7 21.
Re2 Ba6 22. Rae1 Bf8 23. Re8 1-0

[Event "Karnevals-Open"]
[Site "Solingen"]
[Date "2012.02.18"]
[Round "2.3"]
[White "Schwarz, Eduard"]
[Black "Kniest, Oliver"]
[Result "1-0"]
[WhiteElo "2002"]
[BlackElo "2293"]
[PlyCount "37"]
[EventDate "2012.??.??"]
[WhiteTeam "SG Turm Idstein"]
[BlackTeam "SG Solingen e.V."]

1. d4 e6 2. c4 Nf6 3. Nf3 d5 4. Nc3 c6 5. Bg5 h6 6. Bxf6 Qxf6 7. e3 Nd7 8. cxd5
exd5 9. Bd3 Bd6 10. O-O Qd8 11. e4 dxe4 12. Nxe4 Be7 13. Re1 O-O 14. Rc1 Nb6
15. Qe2 Nd5 16. Bb1 Bf5 17. Nc3 Nxc3 18. bxc3 Be6 19. Qc2 1-0

[Event "Karnevals-Open"]
[Site "Solingen"]
[Date "2012.02.18"]
[Round "2.4"]
[White "Nagel, Bernhard"]
[Black "Speck, Stefan"]
[Result "1-0"]
[WhiteElo "2281"]
[BlackElo "1983"]
[PlyCount "81"]
[EventDate "2012.??.??"]
[WhiteTeam "Wiesbadener SV 1885"]
[BlackTeam "SC Solingen 1928 e.V."]

1. c4 c6 2. d4 d5 3. Nf3 Nf6 4. Nc3 dxc4 5. a4 Bg4 6. Ne5 Bh5 7. f3 Nfd7 8.
Nxc4 e5 9. e4 Qh4+ 10. g3 Qf6 11. dxe5 Nxe5 12. Nxe5 Qxe5 13. Bf4 Qa5 14. h4 h6
15. g4 Bg6 16. h5 Bh7 17. Qb3 Qb4 18. Bc4 Qxb3 19. Bxb3 a5 20. Bxb8 Rxb8 21.
O-O-O Be7 22. Rd3 Rd8 23. Rhd1 Rxd3 24. Rxd3 g6 25. hxg6 Bxg6 26. f4 Bh7 27.
Rh3 O-O 28. Rxh6 Rd8 29. g5 Kg7 30. Rh3 Rd4 31. Bc2 Bd6 32. Ne2 Rc4 33. Rxh7+
Kxh7 34. e5+ Rxc2+ 35. Kxc2 Bc5 36. Kd3 Kg6 37. Nd4 Kh5 38. e6 fxe6 39. Nxe6
Bd6 40. Ke4 b5 41. b3 1-0

[Event "Karnevals-Open"]
[Site "Solingen"]
[Date "2012.02.18"]
[Round "2.5"]
[White "Schwarz, Ingo"]
[Black "Wolter, Kai"]
[Result "0-1"]
[WhiteElo "1992"]
[BlackElo "2240"]
[PlyCount "116"]
[EventDate "2012.??.??"]
[WhiteTeam "FS 98 Dortmund"]
[BlackTeam "SK Münster 32 e.V."]

1. e4 c5 2. Bc4 e6 3. Nc3 Nc6 4. Nf3 a6 5. a4 Nf6 6. d3 d5 7. exd5 exd5 8. Bb3
Be7 9. Bf4 Bg4 10. h3 Bxf3 11. Qxf3 Nd4 12. Qd1 Nxb3 13. cxb3 d4 14. Ne2 O-O
15. O-O Re8 16. Ng3 Nd5 17. Bd2 Bg5 18. Ne4 Bxd2 19. Qxd2 b6 20. Rfe1 a5 21.
Ng3 Qh4 22. Rxe8+ Rxe8 23. Re1 Rxe1+ 24. Qxe1 Qe7 25. Qd1 g6 26. Kf1 Qe6 27.
Ne2 Qf5 28. Kg1 Nb4 29. Nc1 Kf8 30. Qd2 h5 31. h4 Kg7 32. Qd1 Nc6 33. Qd2 Qg4
34. Qe2 Qxh4 35. Qe8 Qf6 36. Qe4 Ne5 37. f3 h4 38. Kh2 g5 39. Ne2 Ng6 40. g3
Qe5 41. Kg2 hxg3 42. Qxe5+ Nxe5 43. Nc1 f5 44. Kxg3 f4+ 45. Kf2 Kg6 46. Ke2 Kh6
47. b4 axb4 48. Nb3 Kh5 49. a5 bxa5 50. Nxc5 g4 51. fxg4+ Kxg4 52. Ne6 f3+ 53.
Kf1 Nxd3 54. b3 Nc1 55. Nxd4 Kf4 56. Kf2 Ke4 57. Nxf3 Nxb3 58. Ne1 Nd4 0-1

[Event "Karnevals-Open"]
[Site "Solingen"]
[Date "2012.02.18"]
[Round "2.6"]
[White "Coenen, Siegfried"]
[Black "Peters, Alex"]
[Result "1/2-1/2"]
[WhiteElo "1980"]
[BlackElo "2208"]
[PlyCount "71"]
[EventDate "2012.??.??"]
[WhiteTeam "SG Hochneukirch"]
[BlackTeam "Brühler SK 1920 e.V."]

1. e4 e6 2. d4 d5 3. Nd2 dxe4 4. Nxe4 Bd7 5. Bd3 Bc6 6. Nf3 Nd7 7. O-O Ngf6 8.
Ng3 Be7 9. c3 O-O 10. Re1 Re8 11. Bf4 b6 12. a3 Bb7 13. b4 a5 14. b5 Bd6 15.
Bg5 h6 16. Bd2 Bf8 17. Bc1 c5 18. bxc6 Bxc6 19. c4 Qc7 20. Bb2 Qb7 21. Re3 b5
22. cxb5 Bxb5 23. Bb1 Rac8 24. Qd2 a4 25. Ba2 Nd5 26. Ree1 Bc4 27. Bb1 g6 28.
Ne5 Nxe5 29. dxe5 Red8 30. Ne4 Rb8 31. Bd4 Kg7 32. h3 Qa6 33. Bc2 Bb3 34. Bd3
Bc4 35. Bc2 Bb3 36. Bd3 1/2-1/2

[Event "Karnevals-Open"]
[Site "Solingen"]
[Date "2012.02.18"]
[Round "2.7"]
[White "Kappelt, Jörg"]
[Black "Zolfagharian, Kevin"]
[Result "1-0"]
[WhiteElo "2149"]
[BlackElo "1979"]
[PlyCount "79"]
[EventDate "2012.??.??"]
[WhiteTeam "SV 1922 Hilden"]
[BlackTeam "SG Solingen e.V."]

1. e4 c5 2. Nc3 Nc6 3. g3 g6 4. Bg2 Bg7 5. d3 e6 6. Be3 b6 7. Qd2 Nge7 8. Bh6
Bxh6 9. Qxh6 Nd4 10. O-O-O b5 11. Nce2 Nec6 12. Nxd4 cxd4 13. Ne2 Qb6 14. Qg7
Rf8 15. Qxh7 Qa5 16. Kb1 Nb4 17. Nc1 Qa4 18. Rd2 Bb7 19. Re1 Rc8 20. Ree2 a5
21. Qg7 Nc6 22. Qf6 Qb4 23. f4 a4 24. a3 Qd6 25. Na2 Qc5 26. c3 dxc3 27. Qxc3
Qg1+ 28. Qc1 Qxh2 29. Rc2 Qxg3 30. d4 Ke7 31. Rc3 Qh4 32. Qd2 Na7 33. d5 d6 34.
e5 Rxc3 35. exd6+ Kd7 36. Nxc3 Rb8 37. Qd4 Nc8 38. dxe6+ fxe6 39. Qg7+ Kxd6 40.
Bxb7 1-0

[Event "Karnevals-Open"]
[Site "Solingen"]
[Date "2012.02.18"]
[Round "2.8"]
[White "Brecker, Hans-Jörg"]
[Black "König, Falk"]
[Result "0-1"]
[WhiteElo "1966"]
[BlackElo "2147"]
[PlyCount "102"]
[EventDate "2012.??.??"]
[WhiteTeam "SF Erkelenz 1959 e.V."]
[BlackTeam "SF Vonkeln 1931"]

1. d4 d5 2. Nf3 c6 3. Bg5 Qb6 4. Qc1 Bf5 5. e3 Nd7 6. Nbd2 h6 7. Bf4 Ngf6 8. h3
e6 9. Be2 Be7 10. O-O O-O 11. c4 c5 12. a3 a5 13. Qc3 Rfc8 14. Bd3 cxd4 15.
exd4 Bxd3 16. Qxd3 dxc4 17. Nxc4 Qa6 18. Rac1 Nd5 19. Bd2 a4 20. Nfe5 Nxe5 21.
Nxe5 Qxd3 22. Nxd3 Bf6 23. Ne5 Nb6 24. f4 Bxe5 25. dxe5 Nc4 26. Bc3 Ra6 27.
Rfd1 Rac6 28. Ra1 Rb6 29. Rac1 Rbc6 30. Ra1 Rb6 31. Rac1 Rb3 32. Rd7 Ne3 33.
Rd4 b5 34. g3 Nd5 35. Bd2 Rxc1+ 36. Bxc1 Rxg3+ 37. Kh2 Rb3 38. f5 Rf3 39. fxe6
fxe6 40. Rg4 h5 41. Re4 Rf2+ 42. Kg3 Rc2 43. Re1 Kf7 44. Kh4 g6 45. Bg5 Rxb2
46. Rf1+ Kg7 47. Bf6+ Nxf6 48. Rxf6 Rb3 49. Rxe6 Rxa3 50. Re7+ Kh6 51. Re6 Re3
0-1

[Event "Karnevals-Open"]
[Site "Solingen"]
[Date "2012.02.18"]
[Round "2.9"]
[White "Bröhl, Stephan"]
[Black "Jablonowski, Christoph"]
[Result "1-0"]
[WhiteElo "2140"]
[BlackElo "1963"]
[PlyCount "51"]
[EventDate "2012.??.??"]
[WhiteTeam "Godesberger SK 1929 e.V."]
[BlackTeam "Krefelder SK Turm 1851 e"]

1. e4 Nf6 2. Nc3 d5 3. e5 Nfd7 4. d4 c5 5. Nf3 e6 6. Bg5 Qb6 7. dxc5 Bxc5 8.
Qd2 Nc6 9. O-O-O O-O 10. Qf4 f6 11. exf6 Nxf6 12. Na4 Qa5 13. Nxc5 Qxc5 14. Qh4
e5 15. Bxf6 Rxf6 16. Rxd5 Qe7 17. Bd3 h6 18. Re1 Be6 19. Rdxe5 Nxe5 20. Rxe5
Rc8 21. Qe4 Qf7 22. Nd4 Bd7 23. Re7 Bf5 24. Nxf5 Qh5 25. Rxg7+ Kh8 26. Qe7 1-0

[Event "Karnevals-Open"]
[Site "Solingen"]
[Date "2012.02.18"]
[Round "2.10"]
[White "Gülsen, Taylan"]
[Black "Biedeköpper, Robert"]
[Result "1-0"]
[WhiteElo "1958"]
[BlackElo "2111"]
[PlyCount "93"]
[EventDate "2012.??.??"]
[WhiteTeam "Schachgemeinschaft Niederkassel"]
[BlackTeam "Godesberger SK 1929 e.V."]

1. e4 e5 2. Nf3 Nf6 3. Nxe5 d6 4. Nf3 Nxe4 5. d4 d5 6. Bd3 Bd6 7. h3 O-O 8. O-O
Nd7 9. c4 c6 10. Nc3 f5 11. cxd5 Nxc3 12. bxc3 cxd5 13. c4 Nf6 14. Bg5 h6 15.
Bxf6 Rxf6 16. c5 Bc7 17. Re1 Bd7 18. Ne5 Be8 19. Qc2 Ba5 20. Rec1 g6 21. Rab1
Rb8 22. Qb3 Bc7 23. Be2 Re6 24. f4 Kg7 25. Bf3 Bc6 26. Re1 Rf6 27. Re2 Rf8 28.
Rbe1 Ba5 29. Rb1 Bc7 30. g3 Re8 31. Rbe1 Rf8 32. h4 Ba5 33. Rb1 Bc7 34. Kf2 h5
35. Re3 Rf6 36. Rbe1 Ba5 37. R1e2 Bc7 38. Bg2 Rf8 39. a3 Rf6 40. Nf3 Qg8 41.
Re7+ Rf7 42. Ng5 Rd8 43. Rxf7+ Qxf7 44. Nxf7 Kxf7 45. Qe3 Re8 46. Bxd5+ Kf8 47.
Qb3 1-0

[Event "Karnevals-Open"]
[Site "Solingen"]
[Date "2012.02.18"]
[Round "2.11"]
[White "Große-Hering, Peter"]
[Black "Philippe, Denis-Emanuel"]
[Result "0-1"]
[WhiteElo "1938"]
[BlackElo "2103"]
[PlyCount "78"]
[EventDate "2012.??.??"]
[WhiteTeam "SV Horst-Emscher 31"]

1. e4 c6 2. d3 d5 3. Nd2 e5 4. Ngf3 Bd6 5. g3 Ne7 6. Bg2 O-O 7. O-O f5 8. c4
fxe4 9. dxe4 d4 10. c5 Bc7 11. Ng5 Qe8 12. Ndf3 Rf6 13. Nxe5 Bxe5 14. f4 Bc7
15. Qxd4 h6 16. e5 Rf8 17. Qc4+ Kh8 18. Ne4 Nf5 19. b3 Be6 20. Qc3 Nd7 21. Bb2
Qe7 22. Rae1 Bd5 23. Nd6 Bxg2 24. Kxg2 Rab8 25. g4 Nh4+ 26. Kh1 Qe6 27. Qg3
Qd5+ 28. Ne4 Nxc5 29. Qxh4 Nxe4 30. h3 Ng3+ 31. Kh2 Nxf1+ 32. Rxf1 Bb6 33. Kg3
Qd3+ 34. Rf3 Qb1 35. f5 Qxb2 36. Qe7 Rbe8 37. Qxb7 Qxe5+ 38. Kh4 Qe1+ 39. Kh5
Qe7 0-1

[Event "Karnevals-Open"]
[Site "Solingen"]
[Date "2012.02.18"]
[Round "2.12"]
[White "Maczkowiak, Thomas"]
[Black "Conrad, Joachim"]
[Result "0-1"]
[WhiteElo "1923"]
[BlackElo "2086"]
[PlyCount "64"]
[EventDate "2012.??.??"]
[WhiteTeam "SG Ennepe-Ruhr-S"]
[BlackTeam "Velberter SG 192"]

1. Nf3 Nf6 2. g3 d5 3. Bg2 Bg4 4. Ne5 Bh5 5. c4 c6 6. cxd5 Nxd5 7. Qb3 Qc7 8.
d4 e6 9. e4 Nf6 10. O-O Nbd7 11. Bf4 Nxe5 12. Bxe5 Qb6 13. Nd2 Nd7 14. Nc4 Qxb3
15. axb3 Be2 16. Rfc1 Bxc4 17. bxc4 Nxe5 18. dxe5 Bc5 19. Rd1 Ke7 20. Kf1 Rhd8
21. f4 a5 22. b3 Rxd1+ 23. Rxd1 a4 24. bxa4 Rxa4 25. Ke2 Rxc4 26. Rd2 Rc3 27.
Rb2 b6 28. Kd2 Ra3 29. Bf1 Be3+ 30. Kc2 Bd4 31. Rb3 Rxb3 32. Kxb3 Bg1 0-1

[Event "Karnevals-Open"]
[Site "Solingen"]
[Date "2012.02.18"]
[Round "2.13"]
[White "Hanke, Stefan"]
[Black "Turco, Alfonso"]
[Result "1/2-1/2"]
[WhiteElo "1840"]
[BlackElo "2074"]
[PlyCount "54"]
[EventDate "2012.??.??"]
[WhiteTeam "SC Solingen 1928 e.V."]
[BlackTeam "Satranc Club 2000"]

1. d4 Nf6 2. c4 c5 3. d5 g6 4. Nc3 Bg7 5. e4 d6 6. h3 O-O 7. Nf3 b5 8. cxb5 a6
9. b6 Qxb6 10. Bd3 Bd7 11. a4 Rc8 12. O-O c4 13. Be2 a5 14. Rb1 Na6 15. Be3 Qb4
16. Nd2 Nc5 17. Nxc4 Bxa4 18. Nxa4 Nxa4 19. Bd2 Rxc4 20. Bxb4 Rxb4 21. Bf3 Nxb2
22. Qc2 Ne8 23. Rfe1 Rab8 24. Re3 a4 25. Ra3 Bd4 26. Qc6 Kf8 27. Bd1 R8b6
1/2-1/2

[Event "Karnevals-Open"]
[Site "Solingen"]
[Date "2012.02.18"]
[Round "2.14"]
[White "Probst, Andreas"]
[Black "Elefteriadis, Paul-Gabriel"]
[Result "1/2-1/2"]
[WhiteElo "2043"]
[BlackElo "1894"]
[PlyCount "83"]
[EventDate "2012.??.??"]
[WhiteTeam "Düsseldorfer SK 14/25 e."]
[BlackTeam "Gütersloher SV von 192"]

1. d4 Nf6 2. c4 e6 3. g3 d5 4. Bg2 c6 5. Nf3 Bd6 6. O-O O-O 7. Qc2 Nbd7 8. Nc3
dxc4 9. e4 e5 10. dxe5 Nxe5 11. Nxe5 Bxe5 12. Rd1 Qe7 13. Bg5 Bg4 14. f3 Be6
15. Be3 b5 16. Qf2 Bd6 17. e5 Bxe5 18. Bc5 Qc7 19. Bxf8 Rxf8 20. Qc5 Nd7 21.
Qe3 Rd8 22. f4 Bf6 23. Kh1 b4 24. Ne2 Bxb2 25. Nd4 Bd5 26. Rab1 c3 27. Bxd5
cxd5 28. Nc2 Qc5 29. Qd4 Qxd4 30. Rxd4 Nb6 31. Nxb4 c2 32. Nxc2 Bxd4 33. Nxd4
h6 34. Kg2 Rc8 35. h4 Rc4 36. Nb5 Rc2+ 37. Kh3 Rxa2 38. Nxa7 Rxa7 39. Rxb6 Rd7
40. Kg4 Kf8 41. Kf5 Ke7 42. Ke5 1/2-1/2

[Event "Karnevals-Open"]
[Site "Solingen"]
[Date "2012.02.18"]
[Round "2.15"]
[White "Nink, Niklas"]
[Black "Fichtner, Ewald"]
[Result "0-1"]
[WhiteElo "819"]
[BlackElo "2012"]
[PlyCount "120"]
[EventDate "2012.??.??"]
[WhiteTeam "SG Solingen e.V."]
[BlackTeam "SG Solingen e.V."]

1. e4 c5 2. b3 Nc6 3. Bb2 Nf6 4. e5 Nd5 5. Nf3 e6 6. Bc4 Nf4 7. O-O a6 8. a4 b6
9. c3 Bb7 10. d4 d6 11. Qd2 dxe5 12. dxe5 Ng6 13. Rd1 Qxd2 14. Nbxd2 Ncxe5 15.
Nxe5 Nxe5 16. Be2 Be7 17. c4 Bf6 18. f4 Nd7 19. Bxf6 Nxf6 20. Bf3 O-O-O 21.
Bxb7+ Kxb7 22. Nf3 Ne4 23. Ne5 Rd4 24. g3 f6 25. Nf3 Rxd1+ 26. Rxd1 Kc7 27. Re1
f5 28. Ne5 Rd8 29. Re3 Rd2 30. Rd3 Rxd3 31. Nxd3 Nd2 32. Nc1 Kd6 33. Kf2 e5 34.
Ke2 Ne4 35. Ke3 Nf6 36. fxe5+ Kxe5 37. Nd3+ Kd6 38. h3 Ne4 39. Kf4 g6 40. g4
Nd2 41. Nc1 Ke6 42. gxf5+ gxf5 43. h4 Kf6 44. h5 h6 45. Ke3 Ne4 46. Kf4 Ke6 47.
Nd3 Nf6 48. b4 Nxh5+ 49. Kf3 Kd6 50. bxc5+ bxc5 51. a5 Ng7 52. Kf4 Ne6+ 53.
Kxf5 Nd4+ 54. Kg6 Nb3 55. Kxh6 Nxa5 56. Nb2 Ke5 57. Kg5 Kd4 58. Kf4 Nxc4 59.
Na4 Nd2 60. Kf5 c4 0-1

[Event "Karnevals-Open"]
[Site "Solingen"]
[Date "2012.02.18"]
[Round "2.16"]
[White "Jakob, Matthias"]
[Black "Rosenauer, Horst"]
[Result "1-0"]
[WhiteElo "2005"]
[BlackElo "1836"]
[PlyCount "131"]
[EventDate "2012.??.??"]
[WhiteTeam "Sportgemeinschaft Kaarst 1912/35"]
[BlackTeam "Bergische SF 1923 Ber"]

1. e4 c6 2. d4 d5 3. Nc3 dxe4 4. Nxe4 Bf5 5. Ng3 Bg6 6. h4 h6 7. Nf3 Nf6 8. Ne5
Bh7 9. Bd3 Qxd4 10. Nxf7 Bxd3 11. Nxh8 Qe5+ 12. Be3 Bh7 13. h5 Qxb2 14. O-O
Qxc2 15. Qf3 Qa4 16. Ng6 Qg4 17. Qxg4 Nxg4 18. Rab1 b6 19. Rb4 Nf6 20. Ne5 c5
21. Rb2 Nbd7 22. f4 Nd5 23. Bc1 Rc8 24. Rd2 N7f6 25. f5 Bg8 26. Re1 c4 27. Ba3
b5 28. Rc2 Bf7 29. Ne4 Nxe4 30. Nxf7 Kxf7 31. Rxe4 Rc6 32. Re5 Nc7 33. Bb4 a6
34. a4 e6 35. axb5 axb5 36. fxe6+ Rxe6 37. Rf2+ Rf6 38. Bxf8 Kxf8 39. Rxf6+
gxf6 40. Rc5 Ne6 41. Rxb5 Ke7 42. Kf2 Kd6 43. Ke3 c3 44. Rf5 c2 45. Kd2 Ke7 46.
Rf3 Ng7 47. g4 Ne6 48. Re3 Kf7 49. Kxc2 f5 50. gxf5 Nd4+ 51. Kd3 Nxf5 52. Rf3
Ke6 53. Ke4 Ng7 54. Rh3 Kf6 55. Kf4 Ne6+ 56. Kg4 Ng7 57. Ra3 Ne8 58. Ra7 Ng7
59. Ra6+ Ne6 60. Rb6 Ke5 61. Rb7 Ng5 62. Rg7 Ne6 63. Rg6 Nf8 64. Rxh6 Nd7 65.
Kg5 Nf8 66. Rg6 1-0

[Event "Karnevals-Open"]
[Site "Solingen"]
[Date "2012.02.18"]
[Round "2.17"]
[White "Flesch, Dr. Stefan"]
[Black "Buckels, Valentin"]
[Result "1-0"]
[WhiteElo "2110"]
[BlackElo "1716"]
[PlyCount "89"]
[EventDate "2012.??.??"]
[WhiteTeam "Düsseldorfer SK 14/25 e."]
[BlackTeam "SK Turm Kleve 1974 e.V."]

1. d4 d5 2. Nf3 Nf6 3. c4 e6 4. Nc3 c5 5. cxd5 Nxd5 6. e4 cxd4 7. Qxd4 Nb4 8.
Qxd8+ Kxd8 9. Rb1 N8c6 10. Bc4 Nc2+ 11. Kd1 N2d4 12. Nxd4 Nxd4 13. Be3 Nc6 14.
Ke2 Bb4 15. Rhd1+ Ke7 16. a3 Bxc3 17. Bc5+ Kf6 18. bxc3 b6 19. Bd6 Bb7 20. f4
Rhc8 21. e5+ Kg6 22. Bd3+ Kh6 23. g4 g6 24. c4 Ba6 25. c5 Bxd3+ 26. Kxd3 bxc5
27. Rdc1 Na5 28. Rxc5 Rxc5 29. Bxc5 Kg7 30. Rb5 Rd8+ 31. Bd6 Nc6 32. Rb7 a5 33.
Rc7 Nb8 34. Kc4 Nd7 35. Kb5 Rb8+ 36. Kxa5 Ra8+ 37. Kb5 Nf8 38. Rb7 Rc8 39. Rb8
Rxb8+ 40. Bxb8 Nd7 41. Bd6 h5 42. g5 h4 43. a4 h3 44. a5 Kh7 45. a6 1-0

[Event "Karnevals-Open"]
[Site "Solingen"]
[Date "2012.02.18"]
[Round "2.18"]
[White "Täger, Torsten"]
[Black "Herzum, Peter"]
[Result "1-0"]
[WhiteElo "2095"]
[BlackElo "1782"]
[PlyCount "41"]
[EventDate "2012.??.??"]
[WhiteTeam "SV Lahn Limburg"]
[BlackTeam "Düsseldorfer Schachklub 14/25 e."]

1. e4 c5 2. Nc3 d6 3. f4 g6 4. Nf3 Bg7 5. Bb5+ Bd7 6. O-O Nc6 7. Qe1 e6 8. f5
Nf6 9. d3 O-O 10. fxe6 fxe6 11. Bxc6 Bxc6 12. Qh4 Bd7 13. e5 dxe5 14. Nxe5 Nh5
15. Rxf8+ Kxf8 16. Qxd8+ Rxd8 17. Bg5 Bf6 18. Rf1 Ke7 19. Ne4 Bxg5 20. Rf7+ Ke8
21. Nd6# 1-0